Důvěrná zpověď generála /
Generál Michal Kričfaluši (3. září 1921 – 17. června 1994) byl zasloužilý voják, účastník boje za svobodu, rusínské národnosti. Jako uvědomělý příslušník československé vojenské jednotky v SSSR se dobrovolně přihlásil do roty zvláštního určení, která plnila svrchovaně nebezpečné zpravodajské úkoly v...
Uloženo v:
| Hlavní autor: | |
|---|---|
| Médium: | E-kniha |
| Jazyk: | Czech |
| Vydáno: |
Praha :
Slovo vědomí s.r.o.,
2017
|
| Tagy: |
Žádné tagy |
| LEADER | 01888nam a22002297i 4500 | ||
|---|---|---|---|
| 001 | 310816 | ||
| 007 | ta | ||
| 008 | 260601s2017 xr ||||| |||| 00| 0 cze d | ||
| 020 | |a 9990001747015 | ||
| 044 | |a xr | ||
| 100 | 1 | |a Richter, Karel |4 aut | |
| 245 | 1 | 0 | |a Důvěrná zpověď generála / |c Richter, Karel |
| 264 | 1 | |a Praha : |b Slovo vědomí s.r.o., |c 2017 | |
| 300 | |a 1 online zdroj (877 stran) | ||
| 336 | |a text |b txt |2 rdacontent | ||
| 337 | |a bez média |b n |2 rdamedia | ||
| 338 | |a online zdroj |b cr |2 rdacarrier | ||
| 520 | 2 | |a Generál Michal Kričfaluši (3. září 1921 – 17. června 1994) byl zasloužilý voják, účastník boje za svobodu, rusínské národnosti. Jako uvědomělý příslušník československé vojenské jednotky v SSSR se dobrovolně přihlásil do roty zvláštního určení, která plnila svrchovaně nebezpečné zpravodajské úkoly v týlu nepřítele. Ačkoliv pocházel z chudé rusínské rodiny a teoreticky měl všechny předpoklady k třídně vyhraněnému proletářskému cítění podle leninsko-stalinských norem, vzdor svému mládí poznal –jako nevinně vězněný běženec v sovětských věznicích a likvidačních pracovních táborech gulagu –odvrácenou tvář stalinského režimu. Pochopil, že za jeho patetickými socialistickými a komunistickými hesly se skrývá cynická prolhanost a bezohledně kruté, často vražedné mocenské násilí partajní špičky v čele s J. V. Stalinem, která si podmanila Rusko a chce ovládat svět. | |
| 910 | |a RBIT002 | ||
| 998 | |d 174701 |a https://core.palmknihy.cz/api/books/174701/cover?lfxdm1 |b https://core.palmknihy.cz/api/books/174701/cover/400?uh5uxy |c https://core.palmknihy.cz/api/books/174701/cover/50?3zm6cc |e |g 877 |i 9990001747015 |j https://core.palmknihy.cz/api/books/174701/preview.epub |l |q 49 |r 1 |s https://www.palmknihy.cz/kniha/174701 |t ebook |y 2017 |z 1 | ||
| 999 | |d 310814 | ||